| 000 | 01170nam a22003257a 4500 | ||
|---|---|---|---|
| 003 | DO-SdBNP | ||
| 005 | 20220323115310.0 | ||
| 007 | ta | ||
| 008 | 210817e2016 enga|||gr|||| 001 u eng d | ||
| 020 | _a9781614517368 | ||
| 020 | _a9781614515975 (pdf) | ||
| 020 | _a9781501500497 (epub) | ||
| 040 |
_aDO-SdBNP _bspa _cBNPHU |
||
| 041 | _heng | ||
| 082 | _bS581a | ||
| 245 | 1 | 0 |
_aThe syllable and stress : _bstudies in honor of James W. Harris. _cEditores, Rafael A. Núñez Cedeño, Norbert Corver, Harry Van del Hulst, Roumyana Pancheva |
| 260 |
_aBoston : _bWalter de Gruyter, _c2016 |
||
| 300 |
_axvii, 340 p. : _bil. ; _c24 cm. |
||
| 490 |
_aStudies in Generatives Grammar ; _v126 |
||
| 500 | _aIncluye nota y bibliografía al pié de páginas. | ||
| 504 | _aBibliografía, p. 333- 340 | ||
| 590 | _aInventariado 2021 / MF | ||
| 650 | 4 |
_972966 _aLengua Española _xFonología |
|
| 700 | 1 |
_aNúñez Cedeño, Rafael A. _979469 _4ed. |
|
| 700 | 1 |
_aCover, Norbert, _4ed. _981357 |
|
| 700 | 1 |
_aVan der Hulst, Harry, _4ed. _981358 |
|
| 700 | 1 |
_aPancheva, Roumyana _4ed. _981359 |
|
| 830 |
_aStudies in Generatives Grammar; _leng _n126 _979470 |
||
| 942 |
_2ddc _cLBS1 |
||
| 999 |
_c50213 _d50213 |
||